00537nam a2200157 a 4500008004100000020001800041050002200059110001500081245012100096260003900217300001700256350000900273490002900282650003600311650003200347080829s2008 ||||||||||||||||| || u a9780821374580 aIBRD(06)CS/2008/1 aWorld Bank10aSchool and work in the eastern caribbean: does the education system adequately prapare youth for the global economy? aWashington, D.C.bWorld Bankc2008 a10, 76p. ill a0.00 aWorld Bank Country Study aMANPOWER POLICY--CARIBBEAN AREA aEDUCATION -- CARIBBEAN AREA